00926nam a22001817a 450000500170000000800410001702000180005805000160007610000210009224500820011325000120019526000450020730000270025250000200027950503940029965000220069370000290071520230619160018.0220221b ||||| |||| 00| 0 eng d a9780198729679 a KZ3275.B21 aBantekas, llias  aInternational law concentrate. /cllias Bantekas and Efthymios Papastavridis. a2nd ed. aOxford:bOxford University press,c2015. axv, 172 p. A20;c24cm. aIncludes index. aContents: The nature of international law and the international legal system -- Sources of international law -- The law of treaties -- The relationship between international and domestic law -- Personality, statehood and recognition -- Sovereignty and jurisdiction -- Immunity -- Law of the sea -- State responsibility -- Peaceful settlement of disputes -- Use of force -- Human rights --  2International law aPapastavridis, Efthymios